Score 0/7 Timer 03:00
0 Plays Today
Question Answer Wrong Answers
This American TV series starring Mr. T as B. A. Baracus debuts on NBC.
1983
The A-Team
94.8%
Miami Vice
1.9%
The Fall Guy
0.5%
The Greatest American Hero
1%
This Norwegian painter, best know for The Scream, dies in Oslo at the age of 80.
1944
Edvard Munch
87.8%
Hans Dahl
7%
Anders Zorn
1.7%
Albrecht Dürer
2.5%
Netscape announces this free, open-source software community.
1998
Mozilla
86.4%
Gozilla
9%
Rozilla
1.4%
Brozilla
1.2%
US President Richard Nixon announces that a peace accord has been reached in _______.
1973
Vietnam
86.1%
Korea
5.4%
Russia
2.6%
Cuba
4.5%
This German tennis star and wife of Andre Agassi wins the first of her 3-consecutive Australian Open titles.
1988
Steffi Graf
82.9%
Martina Navratilova
5.3%
Martina Hingis
3.6%
Monica Seles
6.4%
The principality of _______ is formed within the Holy Roman Empire. Today it is situated between Switzerland and Austria.
1719
Liechtenstein
66.6%
Monaco
7.4%
San Marino
7.9%
Luxembourg
18%
Elizabeth Blackwell officially becomes the first female _______ in the United States.
1849
Medical Doctor
60.7%
Senator
20.4%
Judge
16.2%
Train Conductor
2.2%
Remove Ads.
Support Sporcle.
Get the best of Sporcle when you Go Orange. This ad-free experience offers more features, more stats, and more fun while also helping to support Sporcle. Thank you for becoming a member.

You're not logged in!

Compare scores with friends on all Sporcle quizzes.
OR
Log In

Show Comments

Extras

Top Quizzes Today


Score Distribution

Your Account Isn't Verified!

In order to create a playlist on Sporcle, you need to verify the email address you used during registration. Go to your Sporcle Settings to finish the process.

Report this User

Report this user for behavior that violates our Community Guidelines.

Details: